[Event "Torino Bombelli Memorial 11th"]
[Site "Torino"]
[Date "2011.09.11"]
[Round "4"]
[White "Carbone, Lorenzo"]
[Black "Tondo, Stefano"]
[Result "1/2-1/2"]
[WhiteElo "1759"]
[BlackElo "1502"]
[PlyCount "82"]
[EventDate "2011.09.09"]
[EventType "swiss"]
[EventRounds "5"]
[EventCountry "ITA"]
[SourceTitle "EXT 2023"]
[Source "ChessBase"]
[SourceDate "2022.10.05"]
[SourceVersion "1"]
[SourceVersionDate "2022.10.05"]
[SourceQuality "1"]

1. e4 c6 2. c4 d5 3. exd5 cxd5 4. cxd5 Nf6 5. Bb5+ Bd7 6. Qa4 Qb6 7. Bxd7+ Nbxd7 8. Nc3 g6 9. Nf3 Bg7 10. Ne5 Rd8 11. d3 0-0 12. Nxd7 Nxd7 13. 0-0 Nf6 14. Rb1 Nxd5 15. Nxd5 Rxd5 16. Be3 Ra5 17. Qh4 Qd6 18. Bf4 Qd4 19. Qg3 Rxa2 20. Be3 Qe5 21. Qf3 Qb5 22. b4 Rd8 23. Qg4 Ra3 24. d4 Rd3 25. Qe2 e5 26. dxe5 Qxe5 27. Qf3 Bh6 28. Qxb7 Bxe3 29. fxe3 Qxe3+ 30. Kh1 R8d7 31. Qa8+ Rd8 32. Qb7 R8d7 33. Qa8+ Kg7 34. Qc6 R3d6 35. Qc4 Qd3 36. Qc5 Qe2 37. Rbe1 Rd1 38. Qc3+ Kh6 39. Qh3+ Kg5 40. Qg3+ Kh5 41. Qh3+ Kg5 1/2-1/2

[Event "Turin FreeTUR op"]
[Site "Turin"]
[Date "2007.12.04"]
[Round "5"]
[White "Parisi, Gianmario"]
[Black "Tondo, Stefano"]
[Result "1-0"]
[WhiteElo "1647"]
[BlackElo "1496"]
[PlyCount "97"]
[EventDate "2007.11.06"]
[EventType "swiss"]
[EventRounds "6"]
[EventCountry "ITA"]
[SourceTitle "EXT 2010"]
[Source "ChessBase"]
[SourceDate "2010.11.25"]
[SourceVersion "1"]
[SourceVersionDate "2010.11.25"]
[SourceQuality "1"]

1. e4 e5 2. Nf3 Nc6 3. Bb5 f5 4. Nc3 Bc5 5. 0-0 Nf6 6. exf5 0-0 7. Bxc6 bxc6 8. Nxe5 d5 9. d4 Bd6 10. Bg5 c5 11. Nxd5 Bxe5 12. dxe5 Qxd5 13. exf6 Qd4 14. Qxd4 cxd4 15. g4 gxf6 16. Bf4 Rf7 17. Rad1 Rg7 18. f3 h5 19. Rxd4 hxg4 20. Rd8+ Kf7 21. Bg3 Ke7 22. Rh8 Bb7 23. Re1+ Kd7 24. Rxa8 Bxa8 25. fxg4 Rxg4 26. Re6 Bd5 27. Rxf6 Ke7 28. Rh6 c6 29. Kf2 a5 30. Rh7+ Kf6 31. Ra7 a4 32. a3 Kxf5 33. Ra8 Rd4 34. Re8 Rd2+ 35. Re2 Rd1 36. Ke3 Rb1 37. c3 Bb3 38. Rd2 c5 39. Rf2+ Kg4 40. Rg2 Kh3 41. Rd2 Kg4 42. Ke2 Bc4+ 43. Ke3 Rf1 44. Rd8 Rf3+ 45. Kd2 Bb3 46. Rc8 c4 47. Rg8+ Kh3 48. Ke2 Kg2 49. Be5+ 1-0

[Event "Turin FreeTUR op"]
[Site "Turin"]
[Date "2007.11.27"]
[Round "4"]
[White "Tondo, Stefano"]
[Black "Gatti, Franco"]
[Result "1/2-1/2"]
[WhiteElo "1496"]
[BlackElo "1499"]
[PlyCount "100"]
[EventDate "2007.11.06"]
[EventType "swiss"]
[EventRounds "6"]
[EventCountry "ITA"]
[SourceTitle "EXT 2010"]
[Source "ChessBase"]
[SourceDate "2010.11.25"]
[SourceVersion "1"]
[SourceVersionDate "2010.11.25"]
[SourceQuality "1"]

1. e4 e5 2. Nf3 Nc6 3. Bb5 a6 4. Ba4 Nf6 5. 0-0 Bc5 6. c3 b5 7. Bc2 d6 8. d4 Bb6 9. h3 h6 10. Re1 0-0 11. Be3 Bb7 12. Nbd2 Re8 13. Nf1 d5 14. exd5 Qxd5 15. Bb3 Qd6 16. dxe5 Qxd1 17. Raxd1 Nxe5 18. Nxe5 Rxe5 19. Bxb6 Rxe1 20. Rxe1 cxb6 21. Re7 Bd5 22. Bxd5 Nxd5 23. Rd7 Nf6 24. Rb7 Nd5 25. Rd7 Nf6 26. Rd6 Rb8 27. Ne3 Ne4 28. Rd4 Nf6 29. Nf5 Re8 30. Kf1 Rb8 31. f3 Kh7 32. Kf2 Re8 33. Nd6 Rf8 34. Ne4 Nxe4+ 35. Rxe4 Rb8 36. Rd4 Kg6 37. f4 Kf6 38. Kf3 g6 39. g4 Re8 40. Rd6+ Re6 41. Rxe6+ Kxe6 42. Ke4 f5+ 43. gxf5+ gxf5+ 44. Kd4 Kd6 45. h4 h5 46. b4 Ke6 47. c4 bxc4 48. Kxc4 Kd6 49. a4 Ke6 50. b5 a5 1/2-1/2

[Event "Turin FreeTUR op"]
[Site "Turin"]
[Date "2007.11.20"]
[Round "3"]
[White "Di Chiara, Mauro"]
[Black "Tondo, Stefano"]
[Result "1-0"]
[WhiteElo "1747"]
[BlackElo "1496"]
[PlyCount "49"]
[EventDate "2007.11.06"]
[EventType "swiss"]
[EventRounds "6"]
[EventCountry "ITA"]
[SourceTitle "EXT 2010"]
[Source "ChessBase"]
[SourceDate "2010.11.25"]
[SourceVersion "1"]
[SourceVersionDate "2010.11.25"]
[SourceQuality "1"]

1. f4 d5 2. d3 Nf6 3. Nf3 c5 4. g3 Nc6 5. Bg2 Bg4 6. 0-0 Bxf3 7. Bxf3 e5 8. fxe5 Nxe5 9. Bg2 h6 10. c3 Ng6 11. Qa4+ Qd7 12. Qxd7+ Kxd7 13. e4 dxe4 14. dxe4 Re8 15. Be3 Nxe4 16. Rxf7+ Kc8 17. Na3 Nd6 18. Bh3+ Kb8 19. Bf4 Nxf4 20. Rxf4 Be7 21. Rd1 Ref8 22. Rg4 g5 23. Re1 h5 24. Ra4 Re8 25. Bd7 1-0